|
|
|
|
| LEADER |
00000nab a2200000 a 4500 |
| 001 |
vtls000728361 |
| 003 |
SK-MaSNL |
| 005 |
20260304115243.0 |
| 008 |
250429c2000 xo 0 slo |
| 015 |
|
|
|a SNBRB2000/08-19899
|
| 035 |
|
|
|a CLN000080509
|
| 035 |
|
|
|a urn:nbn:sk:snk-ab1jxw
|
| 035 |
|
|
|a (urnnbn)urn:nbn:sk:snk:ar-004av3
|
| 035 |
|
|
|a (uuid)37c39550-9bed-4529-9b00-f4cf9777b0fc
|
| 040 |
|
|
|a SNKBUCL
|b slo
|c SNKBUCL
|e AACR2
|
| 041 |
0 |
|
|a slo
|
| 044 |
|
|
|a xo
|c SK
|
| 080 |
|
|
|a 972
|x "14/15"
|2 1981
|
| 080 |
|
|
|a 904:726.1
|x (72)
|2 1981
|
| 080 |
|
|
|a 726.1
|x (72)
|x "14/15"
|2 1981
|
| 100 |
1 |
|
|a Hlúšek, Radoslav,
|d 1976-
|4 aut
|9 16994
|
| 245 |
1 |
0 |
|a Príbeh Veľkého chrámu Aztékov
|b keď srdcia zabezpečujú kolobeh sveta
|c Radoslav Hlúšek
|
| 300 |
|
|
|b Fotogr.
|
| 610 |
2 |
7 |
|a Veľký chrám (Tenochtitlan, Aztécka ríša)
|2 snkbucl
|9 1421475
|
| 650 |
0 |
7 |
|a Aztékovia
|2 snkbucl
|9 73378
|
| 650 |
0 |
7 |
|a náboženské rituály
|2 snkbucl
|9 1268893
|
| 651 |
|
7 |
|a Aztécka ríša
|2 snkbucl
|9 106108
|
| 773 |
0 |
|
|t Historická revue
|g Roč. 11, č. 2 (2000), s. 6-7
|
| 850 |
|
|
|a Slovenská národná knižnica
|
| 852 |
|
|
|a Slovenská národná knižnica
|
| 954 |
|
|
|a odborná, vedecká literatúra pôvodná (slovenská)
|2 lita
|
| 957 |
|
|
|a 15.-16. stor.
|
| 958 |
|
|
|a article27
|
| 958 |
|
|
|a MX
|
| 958 |
|
|
|a OND
|
| 958 |
|
|
|a EUIPO
|
| 999 |
|
|
|c 2875366
|d 2877296
|